00465nam a2200157 a 450000500170000000800410001702000180005805000130007610000170008924500570010626000550016330000170021844000290023565000200026465000230028420140412111316.0010320s19uu xx 00 eng d a1-55723-176-1 aERbWi63 aMilne, A. A. aWinnie the Pooh and a day for eeyore /cA. A. Milne. aBurbank, CA :bDisney Audio Entertainment,c[n.d.] a24 p. ; ill. aDisney - Winnie the Pooh aPoohs - Stories aChildren's Stories